000 00630nam a2200205Ia 4500
003 GCL
008 140319s9999 xx 000 0 ara d
040 _aGCL /
_cGCL
082 0 4 _a306.872
_bع م
100 1 _aعائشة تيمور
245 1 0 _aمراة التامل فى الامور /
_cعائشة تيمور
250 _aالاولى
260 _aالقاهرة :
_bملتقى المرأة والذاكرة ،
_c2002
300 _a114 ص ؛
_c16 سم
650 0 4 _aالاسرة
650 0 4 _aالاحوال الشخصية
650 0 4 _aالزواج
650 0 4 _aالعلاقات الاسرية
942 _2ddc
_cBK
999 _c33236
_d33236